000 01123nam a2200277Ia 4500
003 OSt
005 20220923230948.0
006 a|||||r|||| 00| 0
007 ta
008 220922b |||||||| |||| 00| 0 hin d
020 _c300
024 _a324,822
037 _b1292, 13/03/2018, Akshar Publishers & Distributors
_cTextual
040 _aARTS
_cARTS
_bhin
041 _2hin
_ahin
082 _aO152,1:gN, L0
100 _aविश्वनाथय्यर, एन. ई., ले.
_9169245
245 0 _aआधुनिक हिन्दी काव्य तथा मलयालम काव्य
246 _aĀdhunik hindī kāvya tathā malayālam kāvya
260 _aदिल्ली
_b नेशनल पब्लिशिंग हाउस
_c1970
300 _a264पृ.
_ccm.
650 _a हिन्दी साहित्य
_9156264
650 _aहिन्दी कविता
942 _hO152,1:gN, L0
_cTEXL
_2CC
999 _c388474
_d388474